[Event "Ch World (for the Blind)"]
[Site "masterchessopen.com Belgrade (Serbia)"]
[Date "2010.08.30"]
[Round "5"]
[White "Clemente Llamero Roberto (ESP)"]
[Black "Wikman Bengt (FIN)"]
[Result "1-0"]
[WhiteElo "2151"]
[BlackElo "1921"]

1.e4 c5 2.Nf3 Nc6 3.d4 cxd4 4.Nxd4 Nf6 5.Nc3 d6 6.Bg5 e6 7.Qd2 Be7 8.O-O-O O-O
9.f3 Nxd4 10.Qxd4 Qa5 11.Bd2 Bd7 12.Nd5 Qd8 13.Nxe7+ Qxe7 14.Bb4 Rfc8 15.Qxd6
Qxd6 16.Rxd6 Bc6 17.Be2 a5 18.Bc3 Kf8 19.Rhd1 Ke7 20.Be5 Nd7 21.Bg3 Nc5 22.b3
b5 23.R6d4 Nb7 24.Kb2 Be8 25.c4 bxc4 26.Bxc4 f6 27.e5 Rc5 28.Re1 Nd8 29.exf6+
Kxf6 30.Bd6 Rg5 31.Rf4+ Rf5 32.Be5+ {#r} 1-0

[Event "Ch Russia (Higher League)"]
[Site "masterchessopen.com Irkutsk (Russia)"]
[Date "2010.09.02"]
[Round "7"]
[White "Dvoirys Semen I (RUS)"]
[Black "Kryakvin Dmitry (RUS)"]
[Result "0-1"]
[WhiteElo "2583"]
[BlackElo "2591"]

1.e4 c5 2.Nf3 Nc6 3.d4 cxd4 4.Nxd4 Nf6 5.Nc3 d6 6.Bg5 e6 7.Qd2 Be7 8.O-O-O O-O
9.f3 Nxd4 10.Qxd4 a6 11.Na4 b5 12.Nb6 Rb8 13.Nxc8 Rxc8 14.Kb1 Rc6 15.h4 Nd7
16.Bc1 Qc7 17.Bd3 Rc8 18.c3 Bf6 19.Qe3 Nb6 20.Qe1 Na4 21.Bg5 Be5 22.Rc1 b4
23.cxb4 Bxb2 24.Rxc6 Qxc6 25.Bd2 Bf6 26.Qc1 Bc3 27.Bxc3 Nxc3+ 28.Ka1 Qb6
29.Qg1 Qxb4 30.Qf2 Na4 {#R} 0-1

[Event "Ch Europe (juniors) (under 16) (g)"]
[Site "masterchessopen.com Batumi (Georgia)"]
[Date "2010.09.21"]
[Round "2"]
[White "Sirkova Darena (BUL)"]
[Black "Biciuc Valentina (MDA)"]
[Result "1-0"]
[WhiteElo "2094"]
[BlackElo "1495"]

1.e4 c5 2.Nf3 Nc6 3.d4 cxd4 4.Nxd4 Nf6 5.Nc3 d6 6.Bg5 e6 7.Qd2 Be7 8.O-O-O
Nxd4 9.Qxd4 a6 10.e5 dxe5 11.Qxe5 Bd7 12.Kb1 Qb6 13.Be3 Qc6 14.Be2 O-O 15.h4
Ne8 16.h5 Bf6 17.Qg3 Bxc3 18.bxc3 Rc8 19.Rd3 Qa4 20.Rh4 Qa3 21.Rxd7 Qxc3
22.Bd3 Qe1+ 23.Bc1 Rc6 24.Rxb7 Nf6 25.Qe3 Qa5 26.Qe2 Qd5 27.Rb3 Qd7 28.Bb2 Qe7
{#r} 1-0

[Event "Ch World (juniors) (under 14)"]
[Site "masterchessopen.com Porto Carras (Greece)"]
[Date "2010.10.28"]
[Round "9"]
[White "Nasuta Grzegorz (POL)"]
[Black "Shiven Khosla (IND)"]
[Result "0-1"]
[WhiteElo "2130"]
[BlackElo "2354"]

1.e4 c5 2.Nf3 d6 3.d4 cxd4 4.Nxd4 Nf6 5.Nc3 Nc6 6.Bg5 e6 7.Qd2 Qb6 8.Nb3 Be7
9.O-O-O O-O 10.f3 a6 11.h4 Qc7 12.g4 Rd8 13.Qf2 b5 14.Be3 Nd7 15.g5 Bb7 16.h5
Rac8 17.Kb1 Nce5 18.Bd3 Nc5 19.g6 Nexd3 20.gxf7+ Kxf7 21.cxd3 b4 22.Ne2 Nxb3
23.axb3 a5 24.Rc1 Qd7 25.Bb6 Re8 26.Rxc8 Rxc8 27.Nc1 a4 28.Qd2 Qb5 29.Bd4 axb3
30.Qd1 Rxc1+ 31.Qxc1 Qxd3+ {#R} 0-1

[Event "It (open)"]
[Site "masterchessopen.com Bad Wiessee (Germany)"]
[Round "2"]
[White "Satyapragyan Swayangsu (IND)"]
[Black "Santl Anton (GER)"]
[Result "1-0"]
[WhiteElo "2451"]
[BlackElo "2131"]

1.e4 c5 2.Nf3 Nc6 3.d4 cxd4 4.Nxd4 Nf6 5.Nc3 d6 6.Bg5 e6 7.Qd2 Be7 8.O-O-O O-O
9.f3 Nxd4 10.Qxd4 Qa5 11.Qd2 Bd7 12.Kb1 Kh8 13.h4 Rfc8 14.Bd3 Rab8 15.Qe1 Bc6
16.Bd2 Qc7 17.g4 b5 18.g5 Nd7 19.Ne2 d5 20.h5 dxe4 21.fxe4 Ne5 22.Bf4 Bd6
23.Qf2 Be8 24.Rc1 Kg8 25.Rhf1 Qe7 26.Qg3 Qc7 27.g6 fxg6 28.Nd4 b4 29.Nxe6 Qa5
30.Bxe5 {#r} 1-0

[Event "Tournament (open) (under 2100)"]
[Site "masterchessopen.com Medellin (Colombia)"]
[Round "7"]
[White "Ramirez Jaime Orlando (COL)"]
[Black "Giraldo Leonardo Emilio (COL)"]
[Result "1-0"]
[WhiteElo "1982"]
[BlackElo "1908"]

1.e4 c5 2.Nf3 Nc6 3.d4 cxd4 4.Nxd4 Nf6 5.Nc3 d6 6.Bg5 e6 7.Qd2 Be7 8.O-O-O
Nxd4 9.Qxd4 O-O 10.e5 dxe5 11.Qxe5 Nd7 12.Bxe7 Qxe7 13.Qc7 Qf6 14.Ne4 Qh6+
15.Kb1 Nb6 16.Rd8 Bd7 17.Rxa8 Rxa8 18.Qxb7 Qf4 19.Bd3 Rb8 20.Qxa7 Na4 21.b3
Bc6 22.Qd4 Kh8 23.Qd6 Nc3+ 24.Kb2 Qxd6 25.Nxd6 Na4+ 26.Kc1 Nc5 27.Nxf7+ Kg8
28.Ne5 Nxd3+ 29.Nxd3 Bxg2 30.Re1 Bd5 31.Nf4 Rf8 32.Nxd5 exd5 {#r} 1-0

[Event "It (open)"]
[Site "masterchessopen.com Zadar (Croatia)"]
[Date "2010.12.13"]
[Round "3"]
[White "Sedlak Nikola (SRB)"]
[Black "Shengelia Davit (AUT)"]
[Result "0-1"]
[WhiteElo "2550"]
[BlackElo "2587"]

1.e4 c5 2.Nf3 d6 3.d4 cxd4 4.Nxd4 Nf6 5.Nc3 Nc6 6.Bg5 e6 7.Qd2 Be7 8.O-O-O
Nxd4 9.Qxd4 a6 10.f4 O-O 11.Bc4 b5 12.Bb3 Rb8 13.f5 b4 14.e5 dxe5 15.Qh4 Qb6
16.Ne4 exf5 17.Rd6 Bxd6 18.Nxf6+ gxf6 19.Bh6 e4 20.Rd1 Be5 21.Bxf8 Kxf8
22.Qh6+ Ke7 23.Bxf7 Bf4+ 24.Qxf4 Kxf7 25.Qh6 Kg8 26.g4 Rb7 27.Qh5 Kf8 28.g5
Qe3+ 29.Kb1 Rd7 {#R} 0-1

[Event "It \"]
[Site "masterchessopen.com New Delhi (India)"]
[Date "2011.01.08"]
[Round "1"]
[White "Lamorelle Julien (FRA)"]
[Black "Greenfeld Alon (ISR)"]
[Result "0-1"]
[WhiteElo "2301"]
[BlackElo "2573"]

1.e4 c5 2.Nf3 Nc6 3.d4 cxd4 4.Nxd4 Nf6 5.Nc3 d6 6.Bg5 e6 7.Qd2 Be7 8.O-O-O O-O
9.Nb3 Qb6 10.f3 a6 11.Bxf6 Bxf6 12.Qxd6 Rd8 13.Qc5 Rxd1+ 14.Nxd1 Qc7 15.Nc3
Bd7 16.Na4 Be8 17.Nb6 Rd8 18.Be2 Be7 19.Qe3 Nd4 20.Nc4 Nxe2+ 21.Qxe2 Bb5
22.Nbd2 Bg5 {#R} 0-1

[Event "Memorial Postovalov (open)"]
[Site "masterchessopen.com Cheliabinsk (Russia)"]
[Date "2011.01.09"]
[Round "7"]
[White "Fesenko Vitaly (RUS)"]
[Black "Pauli Stanislav (RUS)"]
[Result "1-0"]
[WhiteElo "2207"]
[BlackElo "2005"]

1.e4 c5 2.Nf3 d6 3.d4 cxd4 4.Nxd4 Nf6 5.Nc3 Nc6 6.Bg5 e6 7.Qd2 Be7 8.O-O-O O-O
9.f3 Nxd4 10.Qxd4 Qa5 11.h4 a6 12.Kb1 b5 13.Qd2 Qc7 14.Ne2 Rd8 15.g4 Bb7
16.Nd4 d5 17.e5 Ne8 18.f4 Rac8 19.Bd3 Qd7 20.f5 Nc7 21.f6 gxf6 22.exf6 Bf8
23.Bh6 {#r} 1-0

[Event "Ch Netherlands (team) 2010/11"]
[Site "masterchessopen.com Netherlands"]
[Date "2011.02.12"]
[Round "6"]
[White "Mostertman Milan (NED)"]
[Black "Okkes Menno (NED)"]
[Result "0-1"]
[WhiteElo "2226"]
[BlackElo "2386"]

1.e4 c5 2.Nf3 Nc6 3.d4 cxd4 4.Nxd4 Nf6 5.Nc3 d6 6.Bg5 e6 7.Qd2 Qb6 8.Nb3 Be7
9.O-O-O O-O 10.f3 a6 11.h4 Rd8 12.Be3 Qc7 13.Na4 Nd7 14.Qf2 b5 15.Nb6 Rb8
16.Nxd7 Bxd7 17.Bg5 e5 18.Bxe7 Nxe7 19.g4 a5 20.h5 a4 21.Na1 Be6 22.h6 g6
23.Qh4 Kf8 24.Qf6 Ng8 25.Qg7+ Ke7 26.g5 a3 27.Qxh7 axb2+ 28.Kxb2 Ra8 29.a3
{#R} 0-1

[Event "It (open)"]
[Site "masterchessopen.com Cappelle la Grande (France)"]
[Date "2011.03.02"]
[Round "6"]
[White "Tate Alan (SCO)"]
[Black "Boyarchenko Marie (LUX)"]
[Result "1-0"]
[WhiteElo "2328"]
[BlackElo "1964"]

1.e4 c5 2.Nf3 d6 3.d4 cxd4 4.Nxd4 Nf6 5.Nc3 Nc6 6.Bg5 e6 7.Qd2 Be7 8.O-O-O
Nxd4 9.Qxd4 O-O 10.f3 Qa5 11.h4 a6 12.Kb1 b5 13.Qd2 b4 14.Ne2 Bb7 15.Nd4 Rfc8
16.Bd3 Rab8 17.g4 Qc7 18.h5 d5 19.e5 Qxe5 20.Bf4 Ne4 21.Bxe4 Qf6 22.g5 {#r}
1-0

[Event "Tournament (Elo)"]
[Site "masterchessopen.com Tabriz (Iran)"]
[Date "2011.04.11"]
[Round "1"]
[White "Karimi Manouchehr (IRI)"]
[Black "Jabbarzadeh Davood (IRI)"]
[Result "0-1"]
[WhiteElo "1375"]
[BlackElo "1604"]

1.e4 c5 2.Nf3 Nc6 3.d4 cxd4 4.Nxd4 Nf6 5.Nc3 d6 6.Bg5 e6 7.Qd2 Be7 8.Bb5 Qc7
9.f4 a6 10.Ba4 O-O 11.Nxc6 bxc6 12.O-O-O Rd8 13.h3 Rb8 14.Rde1 h6 15.Bxf6 Bxf6
16.g4 Qa5 17.Bb3 c5 18.g5 hxg5 19.fxg5 Be5 20.h4 Qb4 21.h5 c4 22.a3 Bxc3
23.Qe2 Bxb2+ 24.Kd1 Qxa3 25.Qxc4 Qc5 26.Qd3 Qd4 {#R} 0-1

[Event "Tournament (open) \"]
[Site "masterchessopen.com Athens (Greece)"]
[Date "2011.04.19"]
[Round "6"]
[White "Galanos Dimitrios (GRE)"]
[Black "Mitrandzas Athanasios (GRE)"]
[Result "1-0"]
[WhiteElo "1943"]
[BlackElo "2051"]

1.e4 c5 2.Nf3 d6 3.d4 cxd4 4.Nxd4 Nf6 5.Nc3 Nc6 6.Bg5 e6 7.Qd2 Be7 8.O-O-O O-O
9.Nb3 Qb6 10.f3 Rd8 11.Nb5 Ne5 12.Be3 Qc6 13.Nxa7 Rxa7 14.Bxa7 b6 15.Qb4 Nfd7
16.f4 Ng4 17.Bb5 Qb7 18.Bxd7 Qxa7 19.Bxc8 Rxc8 20.Rhe1 d5 21.Qb5 Qxa2 22.Qd7
Rc4 23.Qxe7 h6 {#r} 1-0

[Event "Ch Serbia (w)"]
[Site "masterchessopen.com Belgrade (Serbia)"]
[Date "2011.04.22"]
[Round "11"]
[White "Panic Anastasija (SRB)"]
[Black "Stojanovic Andjelija (SRB)"]
[Result "0-1"]
[WhiteElo "1875"]
[BlackElo "2300"]

1.e4 c5 2.Nf3 d6 3.d4 cxd4 4.Nxd4 Nf6 5.Nc3 Nc6 6.Bg5 e6 7.Qd2 Qb6 8.Nb3 Be7
9.f3 a6 10.O-O-O O-O 11.Kb1 Rd8 12.Be3 Qc7 13.Qf2 Nd7 14.f4 b5 15.Bd3 Nb4
16.g4 Rb8 17.g5 Nb6 18.h4 Nc4 19.Bc1 d5 20.e5 d4 21.Ne4 Bb7 22.h5 Nxd3 23.cxd3
Bxe4 24.dxe4 Qc6 25.Qf3 d3 26.g6 fxg6 27.hxg6 h6 28.Rh2 a5 29.Qh1 Bf8 30.Rg1
Rb7 31.Bd2 b4 {#R} 0-1

[Event "It \"]
[Site "masterchessopen.com Deizisau (Germany)"]
[Date "2011.04.24"]
[Round "7"]
[White "Naiditsch Arkadij (GER)"]
[Black "Greenfeld Alon (ISR)"]
[Result "1-0"]
[WhiteElo "2707"]
[BlackElo "2573"]

1.e4 c5 2.Nf3 d6 3.Nc3 Nc6 4.d4 cxd4 5.Nxd4 Nf6 6.Bg5 e6 7.Qd2 Be7 8.O-O-O O-O
9.h4 a6 10.f3 Nxd4 11.Qxd4 b5 12.Kb1 Bb7 13.Bd3 Rc8 14.g4 Nd7 15.Bxe7 Qxe7
16.Be2 Rc6 17.h5 Qf6 18.h6 g6 19.g5 Qxd4 20.Rxd4 f6 21.gxf6 Rxf6 22.a4 bxa4
23.Rhd1 Kf8 24.e5 Nxe5 25.Ne4 Rf4 26.Nxd6 Rxd4 27.Rxd4 Rb6 28.Nxb7 Rxb7
29.Rxa4 g5 30.Ra5 Nf7 31.Bxa6 {#r} 1-0

[Event "Ch Germany (juniors) (Internet) (under 25) (qual3)"]
[Site "masterchessopen.com Internet"]
[Date "2011.05.08"]
[Round "2"]
[White "Langers Alexander (GER)"]
[Black "Friedrich Ricardo (GER)"]
[Result "1-0"]
[WhiteElo "2193"]
[BlackElo "2142"]

1.e4 c5 2.Nf3 Nc6 3.d4 cxd4 4.Nxd4 Nf6 5.Nc3 d6 6.Bg5 e6 7.Qd2 Qb6 8.Nb3 Be7
9.O-O-O O-O 10.f3 a6 11.Kb1 Rd8 12.h4 d5 13.Bxf6 Bxf6 14.exd5 Bxc3 15.Qxc3
exd5 16.Bd3 Be6 17.h5 d4 18.Qd2 a5 19.Qg5 Rd5 20.Qf4 Nb4 21.Be4 Rdd8 22.h6
Bxb3 23.axb3 g6 24.Qe5 f6 25.Qe7 {#r} 1-0

[Event "It (open) \"]
[Site "masterchessopen.com Athens (Greece)"]
[Date "2011.05.21"]
[Round "5"]
[White "Vlahos Athanasios (GRE)"]
[Black "Mitrandzas Athanasios (GRE)"]
[Result "0-1"]
[WhiteElo "1851"]
[BlackElo "2051"]

1.e4 c5 2.Nf3 d6 3.d4 cxd4 4.Nxd4 Nf6 5.Nc3 Nc6 6.Bg5 e6 7.Qd2 Be7 8.O-O-O O-O
9.f3 d5 10.Bb5 Bd7 11.exd5 Nxd5 12.Bxe7 Ncxe7 13.Nxd5 Nxd5 14.Bxd7 Qxd7 15.Qa5
Rfc8 16.c3 b6 17.Qa3 a5 18.Nc2 b5 19.Rd2 Qc7 20.Re1 Qxh2 21.Kd1 Qc7 22.Re4 Qb6
23.Qb3 a4 24.Qa3 Ra7 25.Rde2 Rac7 26.Kd2 Rc4 27.Rd4 Rxd4+ 28.Nxd4 b4 {#R} 0-1

[Event "It \"]
[Site "masterchessopen.com Otranto (Italy)"]
[Date "2011.05.21"]
[Round "1"]
[White "Codenotti Marco (ITA)"]
[Black "Lanzani Giuliano (ITA)"]
[Result "1-0"]
[WhiteElo "2323"]
[BlackElo "1975"]

1.e4 c5 2.Nf3 Nc6 3.d4 cxd4 4.Nxd4 Nf6 5.Nc3 d6 6.Bg5 e6 7.Qd2 Be7 8.O-O-O
Nxd4 9.Qxd4 Qa5 10.Bb5+ Kf8 11.f4 a6 12.e5 axb5 13.exf6 gxf6 14.Bxf6 b4
15.Bxe7+ Kxe7 16.Qxd6+ Ke8 17.Nb5 {#r} 1-0

[Event "Ch United Arab Emirates"]
[Site "masterchessopen.com Abudhabi (United Arab Emirates)"]
[Date "2011.06.30"]
[Round "6"]
[White "Khouri Ahmed Abbas (UAE)"]
[Black "Mansour Abbas (UAE)"]
[Result "1-0"]
[WhiteElo "2079"]
[BlackElo "1950"]

1.e4 c5 2.Nf3 Nc6 3.d4 cxd4 4.Nxd4 Nf6 5.Nc3 d6 6.Bg5 e6 7.Qd2 h6 8.Bxf6 Qxf6
9.Ndb5 Qd8 10.O-O-O a6 11.Nxd6+ Bxd6 12.Qxd6 Qxd6 13.Rxd6 Ke7 14.Rd2 Rd8
15.Rxd8 Kxd8 16.f4 f6 17.Na4 g5 18.Nb6 Rb8 19.g3 Ke7 20.Bh3 Nd4 21.c3 Nc6
22.Rd1 h5 23.Kd2 g4 24.Bg2 Bd7 25.Nxd7 Kxd7 26.h3 Rg8 27.Ke3+ Ke7 28.hxg4 hxg4
29.Rh1 Rg7 30.Rh8 Kd6 31.Rh6 Kd7 32.Kd3 {#r} 1-0

[Event "It (open)"]
[Site "masterchessopen.com La Fere (France)"]
[Date "2011.07.02"]
[Round "1"]
[White "Feryn Alexandre (FRA)"]
[Black "Lobzhanidze Davit (GEO)"]
[Result "0-1"]
[WhiteElo "2062"]
[BlackElo "2487"]

1.e4 c5 2.Nf3 d6 3.d4 cxd4 4.Nxd4 Nf6 5.Nc3 Nc6 6.Bg5 e6 7.Qd2 Qb6 8.Nb3 Be7
9.O-O-O O-O 10.Be3 Qc7 11.f4 a6 12.Be2 b5 13.Bf3 b4 14.Na4 Rb8 15.Kb1 e5
16.Qf2 Bd7 17.c3 exf4 18.Bxf4 Ne5 19.Nac5 Qa7 20.Bxe5 dxe5 21.cxb4 Rxb4 22.Nd3
Qxf2 23.Nxf2 Be6 24.Nc1 Rfb8 25.Ncd3 R4b5 26.Rc1 Nd7 27.Rc6 Bc5 28.Bg4 Bxf2
29.Bxe6 fxe6 {#R} 0-1

[Event "Ch Turkey (team)"]
[Site "masterchessopen.com Konya (Turkey)"]
[Date "2011.07.04"]
[Round "8"]
[White "Benzetsel Ekim (TUR)"]
[Black "Yuksel Atilla Koksal (TUR)"]
[Result "0-1"]
[WhiteElo "1775"]
[BlackElo "1963"]

1.e4 c5 2.Nf3 Nc6 3.d4 cxd4 4.Nxd4 Nf6 5.Nc3 d6 6.Bg5 e6 7.Qd2 Be7 8.O-O-O O-O
9.f3 a6 10.h4 Qc7 11.g4 Nxd4 12.Qxd4 b5 13.Be3 Bb7 14.h5 Rfd8 15.g5 Ne8 16.Qd2
d5 17.Qf2 dxe4 18.Rxd8 Rxd8 19.Nxe4 Bxe4 20.fxe4 Qe5 21.Rg1 Ba3 22.Bd4 Rxd4
23.bxa3 Qc5 24.Bd3 Qxa3+ 25.Kd2 Qc5 26.Ke2 Qe5 27.Qf3 Nd6 28.c3 Ra4 29.Bc2
Rxa2 30.Qd3 Qh2+ 31.Kf3 Rxc2 32.Rd1 Rf2+ 33.Ke3 e5 {#R} 0-1

[Event "Ch Norway"]
[Site "masterchessopen.com Oslo (Norway)"]
[Date "2011.07.06"]
[Round "5"]
[White "Gabrielsen Stig (NOR)"]
[Black "Sahl Bjarke (NOR)"]
[Result "1-0"]
[WhiteElo "2311"]
[BlackElo "2259"]

1.e4 c5 2.Nf3 Nc6 3.d4 cxd4 4.Nxd4 Nf6 5.Nc3 d6 6.Bg5 e6 7.Qd2 h6 8.Bxf6 gxf6
9.O-O-O a6 10.f4 Qb6 11.Nb3 Bd7 12.Kb1 O-O-O 13.Be2 h5 14.Rhf1 Be7 15.a3 Kb8
16.Rf3 Rdg8 17.Bf1 Bc8 18.Na4 Qa7 19.c4 h4 20.Ka1 Rh5 21.Rc1 f5 22.e5 dxe5
23.c5 e4 24.Rh3 Rg6 25.Na5 Nxa5 26.Qxa5 Rh8 27.c6 Qd4 28.Bxa6 e5 {#r} 1-0

[Event "It (open)"]
[Site "masterchessopen.com Police (Poland)"]
[Date "2011.07.06"]
[Round "2"]
[White "Jacek Krystian (POL)"]
[Black "Makukins Maksims (LAT)"]
[Result "1-0"]
[WhiteElo "2119"]
[BlackElo "1603"]

1.e4 c5 2.Nf3 Nc6 3.d4 cxd4 4.Nxd4 Nf6 5.Nc3 d6 6.Bg5 e6 7.Qd2 Bd7 8.f4 Be7
9.O-O-O a5 10.Ndb5 Qb8 11.e5 Nd5 12.Nxd5 exd5 13.Bxe7 Nxe7 14.exd6 Ng6 15.Nc7+
Kf8 16.Nxa8 Qxa8 17.Qxd5 Bc6 18.Qc5 Qd8 19.Bb5 Qd7 20.Bxc6 bxc6 21.Rhe1 Kg8
22.Qxa5 h6 23.Qc7 Qxc7 24.dxc7 Kh7 25.Rd8 Rxd8 26.cxd8=Q c5 27.f5 Nf4 28.Re8
Ne2+ 29.Kd2 Nd4 30.Rh8# 1-0

[Event "Ch Switzerland (open)"]
[Site "masterchessopen.com Leukerbad (Switzerland)"]
[Date "2011.07.07"]
[Round "1"]
[White "Gallagher Joseph G (SUI)"]
[Black "Zarri Florian (SUI)"]
[Result "1-0"]
[WhiteElo "2510"]
[BlackElo "2059"]

1.e4 c5 2.Nf3 d6 3.d4 cxd4 4.Nxd4 Nf6 5.Nc3 Nc6 6.Bg5 e6 7.Qd2 Be7 8.O-O-O O-O
9.Nb3 a6 10.Bxf6 Bxf6 11.Qxd6 Qb6 12.Qc5 Qc7 13.Kb1 Be7 14.Qe3 Na5 15.Qg3 Qxg3
16.hxg3 Nxb3 17.axb3 b5 18.e5 Rd8 19.Rxd8+ Bxd8 20.f4 f5 21.exf6 Bxf6 22.Bd3
h6 23.g4 Bxc3 24.bxc3 Bb7 25.Re1 Bxg2 26.Rxe6 Bh3 27.Rg6 Rf8 28.g5 hxg5
29.fxg5 Bc8 30.Rb6 Kf7 31.c4 bxc4 32.Bxc4+ Ke7 33.Rg6 {#r} 1-0

[Event "Ch Turkey (team)"]
[Site "masterchessopen.com Konya (Turkey)"]
[Date "2011.07.08"]
[Round "12"]
[White "Yigit Aleyna (TUR)"]
[Black "Agun Lutfiye Selva (TUR)"]
[Result "1-0"]
[WhiteElo "1729"]
[BlackElo "1533"]

1.e4 c5 2.Nf3 Nc6 3.d4 cxd4 4.Nxd4 Nf6 5.Nc3 d6 6.Bg5 e6 7.Qd2 Be7 8.O-O-O a6
9.f3 O-O 10.h4 Nxd4 11.Qxd4 b5 12.Kb1 Qa5 13.Qd2 b4 14.Ne2 Rd8 15.Nd4 Bd7
16.g4 Qc5 17.Be3 Qa5 18.h5 Rdb8 19.g5 Ne8 20.Bh3 Nc7 21.f4 Bf8 22.f5 e5 23.Nb3
Qb5 24.g6 a5 25.h6 a4 26.gxh7+ Kh8 27.hxg7+ Bxg7 28.Bh6 Bf6 29.Qxd6 Bh4 30.Bf1
Qc6 31.Qxe5+ Bf6 32.Qf4 axb3 33.cxb3 Rc8 {#r} 1-0

[Event "Cup Corporation Centre (open)"]
[Site "masterchessopen.com Izhevsk (Russia)"]
[Date "2011.07.16"]
[Round "2"]
[White "Fedorov Dmitri (RUS)"]
[Black "Smirnov Alexey (RUS)"]
[Result "0-1"]
[WhiteElo "2123"]
[BlackElo "2410"]

1.e4 c5 2.Nf3 d6 3.d4 cxd4 4.Nxd4 Nf6 5.Nc3 Nc6 6.Bg5 e6 7.Qd2 Be7 8.O-O-O
Nxd4 9.Qxd4 a6 10.Bxf6 gxf6 11.f4 b5 12.Bd3 Qc7 13.Rhe1 Qc5 14.Be2 Ra7 15.Bf3
Rc7 16.Qd2 b4 17.Ne2 a5 18.Kb1 a4 19.Nd4 a3 20.b3 O-O 21.Re3 Kh8 22.Be2 Rg8
23.g4 d5 24.exd5 Qxd5 25.Bf3 Qc5 26.Qd3 Rd8 27.Be4 Rxd4 28.Qxd4 Rd7 29.Qxd7
Bxd7 30.Rh3 Bc6 31.Rxh7+ Kg8 {#R} 0-1

[Event "It (cat.4)"]
[Site "masterchessopen.com Bogoroditsk (Russia)"]
[Date "2011.07.19"]
[Round "6"]
[White "Abbasov Farid (AZE)"]
[Black "Kurilin Alexander (UKR)"]
[Result "1-0"]
[WhiteElo "2529"]
[BlackElo "2288"]

1.e4 c5 2.Nf3 d6 3.d4 cxd4 4.Nxd4 Nf6 5.Nc3 Nc6 6.Bg5 e6 7.Qd2 Be7 8.O-O-O O-O
9.Nb3 a6 10.Bxf6 gxf6 11.f4 b5 12.f5 Kh8 13.Ne2 Bd7 14.Nf4 Rc8 15.fxe6 fxe6
16.Ng6+ hxg6 17.Qh6+ Kg8 18.Qxg6+ Kh8 19.Rd3 e5 20.Qh5+ Kg7 21.Rg3+ {#r} 1-0

[Event "Tournament (open)"]
[Site "masterchessopen.com Muelheim (Germany)"]
[Date "2011.08.07"]
[Round "7"]
[White "Walter A"]
[Black "Richters Marc (GER)"]
[Result "1-0"]
[WhiteElo "1884"]
[BlackElo "2028"]

1.e4 c5 2.Nf3 d6 3.d4 cxd4 4.Nxd4 Nf6 5.Nc3 Nc6 6.Bg5 e6 7.Qd2 Be7 8.O-O-O Bd7
9.Ndb5 O-O 10.Nxd6 a6 11.Nc4 Nb8 12.e5 Nd5 13.Bxe7 Nxe7 14.f4 b5 15.Nd6 Qa5
16.Kb1 b4 17.Nce4 Bc6 18.Bd3 Bd5 19.Nc4 Qa4 20.Ned6 Nd7 21.Qf2 Nc5 22.Qxc5
{#r} 1-0

[Event "It (open)"]
[Site "masterchessopen.com Bratto (Italy)"]
[Date "2011.08.23"]
[Round "4"]
[White "Efroimski Marsel (ISR)"]
[Black "Melia Salome (GEO)"]
[Result "0-1"]
[WhiteElo "2235"]
[BlackElo "2437"]

1.e4 c5 2.Nf3 d6 3.d4 cxd4 4.Nxd4 Nf6 5.Nc3 Nc6 6.Bg5 e6 7.Qd2 Be7 8.O-O-O O-O
9.Nb3 Qb6 10.f3 Rd8 11.Nb5 Rd7 12.Qe1 a6 13.N5d4 Rd8 14.h4 e5 15.Nf5 Bxf5
16.exf5 d5 17.g4 Nb4 18.Kb1 Qc6 19.Na1 d4 20.Bxf6 Qxf6 21.Bd3 Qd6 22.Qe4 h6
23.Bc4 b5 24.Bb3 a5 25.f6 Bxf6 26.g5 a4 27.Bxf7+ Kxf7 28.gxf6 Qxf6 29.f4 Qe6
30.Rhg1 Kg8 31.Qxe5 Qxa2+ 32.Kc1 Nd3+ {#R} 0-1

[Event "Ch Belgrade (team) (Premijer liga)"]
[Site "masterchessopen.com Belgrade (Serbia)"]
[Date "2011.10.06"]
[Round "6"]
[White "Vucinic Gojko (SRB)"]
[Black "Jakovljevic Vladan (SRB)"]
[Result "1-0"]
[WhiteElo "2134"]
[BlackElo "2209"]

1.e4 c5 2.Nf3 Nc6 3.d4 cxd4 4.Nxd4 Nf6 5.Nc3 d6 6.Bg5 e6 7.Qd2 h6 8.Be3 Ng4
9.Nxc6 bxc6 10.Bf4 e5 11.Bg3 Be7 12.h3 Nf6 13.Be2 Rb8 14.O-O-O Qb6 15.b3 O-O
16.f4 Rd8 17.Bf3 d5 18.exd5 Bb4 19.Qd3 Ba6 20.Na4 Ba3+ 21.Kb1 Qa5 22.Qc3 Qxa4
23.dxc6 Qb4 24.Qxb4 Rxd1+ 25.Rxd1 Bxb4 26.c7 Rc8 27.Rd8+ Bf8 28.fxe5 Ne8
29.Bg4 Rxc7 30.Rxe8 Rc3 31.e6 fxe6 {#r} 1-0

[Event "It (open) \"]
[Site "masterchessopen.com Athens (Greece)"]
[Date "2011.10.08"]
[Round "1"]
[White "Koutoukidis Panagiotis"]
[Black "Rahmanidis Petros"]
[Result "1-0"]
[WhiteElo "2053"]
[BlackElo "1633"]

1.e4 c5 2.Nf3 d6 3.d4 cxd4 4.Nxd4 Nf6 5.Nc3 Nc6 6.Bg5 e6 7.Qd2 Be7 8.O-O-O a6
9.f3 O-O 10.Kb1 Nxd4 11.Qxd4 Qa5 12.h4 b5 13.g4 b4 14.Ne2 e5 15.Qe3 Be6 16.Nc1
d5 17.exd5 Bxd5 18.Bxf6 Bxf6 19.g5 Be7 20.Bd3 Rad8 21.Nb3 Bxb3 22.axb3 Rd6
23.h5 g6 24.hxg6 fxg6 25.Qe2 Kg7 26.Qh2 Rh8 27.Qh6+ Kf7 28.Bc4+ Ke8 29.Rxd6
Bxd6 30.Qg7 Rf8 31.Rxh7 Qd8 32.Qxg6+ {#r} 1-0

[Event "Ch Canada (w)"]
[Site "masterchessopen.com Toronto (Canada)"]
[Date "2011.10.09"]
[Round "4"]
[White "Yun Chang (CAN)"]
[Black "Giblon Melissa (CAN)"]
[Result "1-0"]
[WhiteElo "1990"]
[BlackElo "1580"]

1.e4 c5 2.Nf3 d6 3.d4 cxd4 4.Nxd4 Nf6 5.Nc3 Nc6 6.Bg5 e6 7.Qd2 h6 8.Bxf6 Qxf6
9.Nb3 Be7 10.h4 Qg6 11.O-O-O O-O 12.h5 Qg4 13.Be2 Qxg2 14.Rhg1 Qxf2 15.Rdf1
Bg5 16.Rxg5 Qxf1+ 17.Bxf1 hxg5 18.Qxg5 Ne5 19.h6 Ng6 20.e5 d5 21.hxg7 Kxg7
22.Qf6+ Kh7 23.Bd3 Bd7 24.Ne2 Kg8 25.Ng3 Kh7 26.Nd4 Kh6 27.Nf3 Rg8 28.Ng5 Be8
29.Nf1 Rc8 30.Nh2 d4 31.Ngf3 Rc5 32.Ng4+ {#r} 1-0

[Event "Ch World (juniors) (under 18)"]
[Site "masterchessopen.com Caldas Novas (Brazil)"]
[Date "2011.11.20"]
[Round "3"]
[White "Kyrkjebo Erlend (NOR)"]
[Black "Rios Cristian Camilo (COL)"]
[Result "0-1"]
[WhiteElo "2054"]
[BlackElo "2388"]

1.e4 c5 2.Nf3 e6 3.d4 cxd4 4.Nxd4 Nf6 5.Nc3 d6 6.Bg5 Nc6 7.Qd2 h6 8.Bh4 Nxe4
9.Qf4 Nf6 10.O-O-O g5 11.Qf3 gxh4 12.Bb5 Bd7 13.Bxc6 Bxc6 14.Nxc6 bxc6
15.Qxc6+ Nd7 16.Ne4 Rb8 17.Rhe1 Rb6 18.Qa4 Be7 19.c4 Qc8 20.Kb1 Qc6 21.Qxa7
O-O 22.c5 Ra6 23.cxd6 Rxa7 24.dxe7 Rb8 {#R} 0-1

[Event "It (open)"]
[Site "masterchessopen.com Gora Sw. Anny (Poland)"]
[Date "2012.01.12"]
[Round "2"]
[White "Kulas Szymon (POL)"]
[Black "Dmochowska Agnieszka (POL)"]
[Result "1-0"]
[WhiteElo "1969"]
[BlackElo "1683"]

1.e4 c5 2.Nf3 Nc6 3.d4 cxd4 4.Nxd4 Nf6 5.Nc3 d6 6.Bg5 e6 7.Qd2 Qb6 8.Nb3 Be7
9.O-O-O O-O 10.Be3 Qc7 11.f3 Rd8 12.Qf2 b6 13.g4 Bb7 14.h4 Ne5 15.h5 d5 16.g5
Ne8 17.Bh3 Nc4 18.g6 Nxe3 19.gxf7+ Kxf7 20.Qxe3 h6 21.f4 Bc5 22.Qg3 d4 23.Nb5
{#r} 1-0